| 000 | 00587nam a2200181 i 4500 | ||
|---|---|---|---|
| 001 | 25910 | ||
| 003 | ES-MaACL | ||
| 005 | 20230906153343.0 | ||
| 007 | t| | ||
| 008 | 030103s1875 sp ||||1| spa d | ||
| 080 | _a821.134.2-23"18" | ||
| 100 | 1 |
_aArnao, Antonio. _923045 |
|
| 245 | 1 | 0 |
_aDramas líricos / _cpor Antonio Arnao. |
| 260 |
_aMadrid : _bMedina y Navarro, _c1875. |
||
| 300 |
_aXIV, 246 p. ; _c17 cm. |
||
| 505 | 8 | _aContiene: Las naves de Cortés. La muerte de Garcilaso. La hija de Jefté. La gitanilla. Guzmán el Bueno. Pelayo. Don Rodrigo. | |
| 852 |
_aES-MaACL _jF-5360 |
||
| 999 |
_c25910 _d25910 |
||